1707 1893 1280 1979 1165 1114 1383 1220 1806 1508 1772 1278 1785 1054 1895 1736 1251 1692 1860 1224 1185 1434 1258 1158 1137 1608 1000 1486 1015 1027 1828 1510 1392 1610 1872 1277 1173 1626 1366 1496 1450 1412 1991 1234 1438 1916 1026 1344 1628 1671 1789 1557 1661 1394 1967 1530 1994 1867 1840 1990 1363 1543 1330 1809 1841 1457 1428 1592 1196 1116 1876 1579 1589 1853 1546 1707 1747 1299 1136 1035 1588 1607 1507 1105 1183 1866 1868 1928 1891 1886 1623 1347 1841 1447 1754 1954 1976 1357 1759 BCNSPRNW ULIB Ver.6.0+V

เปลี่ยนเป็นภาษาไทย

Change to English
 แสดงรายละเอียดบรรณานุกรม
  กลับหน้าหลัก

Brief Record : Get Marc (ISO 2709) : E-mail record : QR code < ปิดหน้าต่าง
LEADER : 00000nam a2200000 a 4500
001    13399128741
003     ULIB
008    230913s2565 th a 000 0 tha d
020    ^a9786164343115
040    ^abrv
041 1  ^atha^heng
050  4 ^aBF121^bค989จ
100 1  ^aไคลน์แมน, พอล
245 10 ^aจิตวิทยา 101 :^bจิตวิทยา ข้อเท็จจริง ข้อมูลพื้นฐาน สถิติ การทดลอง และอื่นๆ อีกมากมาย = Psych 101 : psychology facts, basics,statistics, tests, and more! /^cพอล ไคลน์แมน, เขียน ;ชาครีย์นรทิพย์ - บังอร เสวิกุล, แปล
246 31 ^aPsych 101 :^bpsychology facts, basics, statistics, tests,and more!
260    ^aกรุงเทพฯ :^bแอร์โรว์,^c2565
300    ^a335 หน้า :^bภาพประกอบ ;^c24 ซม.
650  0 ^aPsychology
650  4 ^aความรู้สึก
650  4 ^aความเครียด (จิตวิทยา)
650  4 ^aจิตวิทยา
700 0  ^aชาครีย์นรทิพย์ - บังอร เสวิกุล,^eผู้แปล
945    ^p420^l0^i30207
945    ^p420^l0^i30208
945    ^p420^l0^i30209
995    ^aกัณชพร
999    ^aกัณชพร
รายการนี้ยังไม่มีแท็ก
คุณยังไม่ได้ล็อกอิน คุณสามารถมีกิจกรรมร่วมกับเว็บไซต์ได้ แต่ต้องล็อกอินก่อน ::
  ล็อกอิน

รายการสื่อสารสนเทศ

ลำดับที่ ประเภท เลขเรียก/บาร์โค้ด สถานที่ สถานะ
1. วิทยาศาสตร์การแพทย์ และสุขภาพ
วิทยาศาสตร์การแพทย์ และสุขภาพ
BF121 ค989จ ฉ.1 
  Barcode: 30207
ห้องสมุดวิทยาเขตนครสวรรค์
►หนังสือทั่วไป:l:General Books
บนชั้น
2. วิทยาศาสตร์การแพทย์ และสุขภาพ
วิทยาศาสตร์การแพทย์ และสุขภาพ
BF121 ค989จ ฉ.2 
  Barcode: 30208
ห้องสมุดวิทยาเขตนครสวรรค์
►หนังสือทั่วไป:l:General Books
บนชั้น
3. วิทยาศาสตร์การแพทย์ และสุขภาพ
วิทยาศาสตร์การแพทย์ และสุขภาพ
BF121 ค989จ ฉ.3 
  Barcode: 30209
ห้องสมุดวิทยาเขตนครสวรรค์
►หนังสือทั่วไป:l:General Books
บนชั้น

รายการใกล้เคียง
    ผู้แต่ง [ไคลน์แมน, พอล]

    หัวเรื่อง [Psychology]
    หัวเรื่อง [ความรู้สึก]
    หัวเรื่อง [ความเครียด (จิตวิทยา)]
    หัวเรื่อง [จิตวิทยา]

BibComment


ยังไม่เคยถูกคอมเมนท์

คอมเมนท์ทรัพยากรรายการนี้
  คอมเมนท์: จิตวิทยา 101 จิ..


 Copyright 2026. Bcnsprnw @Library